00587nam a2200241Ia 450000500170000000800460001702000180006303700100008104000080009104000080009904000080010704100080011504100080012308400080013110000210013924500640016024500230022426000230024726000090027036500050027936500080028485600530029220260324121636.0008 260324s9999 xx 000 0 eng d a9781315601168 aEBOOK aCRL beng cCRL 2eng aeng qCRL aHoward J. Wiarda 0aPolitical Culture, Political Science, and Identity Politics 3bAn Uneasy Alliance bTaylor and Francis c2014 a b230 uhttp://www.taylorfrancis.com/books/9781315601168